| 000 | 01394nam a2200409 a 4500 | ||
|---|---|---|---|
| 005 | 20200104041505.0 | ||
| 008 | 140113s1996 ck d fr|||| 00| 0 spa d | ||
| 020 | _a9589129374 | ||
| 040 |
_aCO-BoIAVH _cCO-BoIAVH |
||
| 041 | 0 | _aspa | |
| 044 | _ack | ||
| 082 | 0 | 4 |
_a333.95 _bG93m |
| 100 | 1 | _aGuerrero Forero, Eduardo | |
| 245 | 1 | 0 |
_aMicorrizas : _brecurso biológico del suelo / _cEduardo Guerrero (ed.) , Concepción Azcon, Jose Miguel Barea, Bernard Moyersoen [y otros 6]. |
| 250 | _aPrimera edición | ||
| 260 |
_aBogotá : _bFondo FEN Colombia , _c1996. |
||
| 300 |
_a208 páginas : _bCuadros ; _c24 x 17 cm. |
||
| 650 | 6 | _aMicorrizas | |
| 650 | 6 | _aSuelos | |
| 650 | 6 | _aMicroorganismos del suelo | |
| 650 | 6 | _aTaxonomía | |
| 650 | 6 | _aInteracción ecológica | |
| 650 | 6 | _aInteracción biológica | |
| 650 | 6 | _aEcosistemas tropicales | |
| 650 | 6 | _aPlantaciones forestales | |
| 650 | 6 | _aBanco de germoplasma | |
| 700 | 1 | _aAzcon- Aguilar, Concepción | |
| 700 | 1 | _aBarea, Miguel José | |
| 700 | 1 | _aMoyersoen, Bernard | |
| 700 | 1 | _aOrozco, Cielo | |
| 700 | 1 | _aCano Saavedra, César | |
| 700 | 1 | _aMejía, Diego | |
| 700 | 1 | _aMayer, Jorge | |
| 700 | 1 | _aRivillas, Carlos | |
| 700 | 1 | _aRivera de bustos , Emma Lucía | |
| 942 |
_cLIBRO _2ddc |
||
| 999 |
_c43 _d43 |
||